=LDR 00000nam 2200000 4500 =001 INLIS000000000050556 =005 20200305065724 =035 ##$$a 0010-0517000209 =007 ta =008 200305################g##########0#ind## =020 ##$$a 978-979-3746-92-0 =082 ##$$a 297.001 =084 ##$$a 297.001 MAR p =100 #$$a Markaz Al-Urwah Al-Wutsqa =245 1#$$a Penjelasan inti ajaran Islam /$c Markaz Al-Urwah Al-Wutsqa; penerjemah, Muhammad Isa Anshory; editor, Abu Husamuddin Al-Fawwaz, Abil Farisi =250 ##$$a cet.1 =260 ##$$a Solo :$b Pustaka Arafah,$c 2010 =300 ##$$a 652 hlm : $b ilus ; $c 24 x 16 cm. =650 #4$$a Islam - Ilmu =700 #$$a Muhammad Isa Anshory =700 #$$a Abu Husamuddin Al-Fawwaz =700 #$$a Abil Farisi =990 ##$$a 21603106 =990 ##$$a 21603107 =990 ##$$a 21603108 =990 ##$$a 21603109 =990 ##$$a 21603110 =990 ##$$a 31701342 =990 ##$$a 31701341